Missing Word: Disco Quiz Stats

 Plays Quiz Updated Mar 5, 2016

Challenge
Share
Tweet
Embed
Score 0/20 Timer 02:00
0 Plays Today
Disco Song Missing Word % Correct
Stayin' ___Alive
93%
Dancing ___Queen
91.3%
It's Raining ___Men
89.4%
___ the BoatRock
85.8%
___ Oogie OogieBoogie
85.6%
I Will ___Survive
84.9%
Ring My ___Bell
82.4%
___ MarmaladeLady
78.7%
Don't Stop 'til You Get ___Enough
77.1%
We Are ___Family
76.2%
Disco Song Missing Word % Correct
Shake Your ___ ThingGroove
71%
___ on WoodKnock
67.3%
Get Down ___Tonight
65.1%
Last ___Dance
64.3%
Upside ___Down
64%
Turn the ___ AroundBeat
58.5%
___ TimesGood
53.7%
In the ___Navy
46.4%
Disco ___Inferno
31.2%
A ___ of BeethovenFifth
20.1%

Today's Daily Dose

You're not logged in!

Compare scores with friends on all Sporcle quizzes.
Join for Free
OR
Log In

You Might Also Like...

Show Comments

Extras

Top Quizzes Today


Score Distribution

Your Account Isn't Verified!

In order to create a playlist on Sporcle, you need to verify the email address you used during registration. Go to your Sporcle Settings to finish the process.

Report this User

Report this user for behavior that violates our Community Guidelines.

Details: